| 000 | 01807cam a22004454i 4500 | ||
|---|---|---|---|
| 003 | PE-LiUPU | ||
| 005 | 20250731172912.0 | ||
| 008 | 150617s r 000 0 d | ||
| 035 | _a(Sirsi) a16905 | ||
| 040 |
_aPE-LiUPU _bspa _cPE-LiUPU _erda |
||
| 049 | _aPRUA | ||
| 082 | 0 | 4 |
_a266.009 _bE46 _221 |
| 100 | 1 |
_aElliot, Elisabeth, _eautor. |
|
| 245 | 1 | 0 |
_aThrough gates of splendour / _cElisabeth Elliot. |
| 264 | 1 |
_aLondon : _bHodder & Stoughton, _c1962. |
|
| 300 |
_a192 páginas ; _c21 cm. |
||
| 336 |
_atext _2rdacontent |
||
| 337 |
_aunmediated _2rdamedia |
||
| 338 |
_avolume _2rdacarrier |
||
| 505 | 0 | _a"I dare not stay home". -Destination: Shandia. -"All things to all men". -Infinite adaptability. -"Expendable for God". -Missionary to the head-shrinking jivaros. -Breaking jungle barriers. -The aucas. -September, 1955. -Operation auca begins. -A line from plane to ground. -The savages respond. -The search for "Palm Beach". -An auca on the Path. -Why did the men go?. -"We go not forth alone". -Success on friday. -Silence. -"Yet have we not forgotten thee". | |
| 526 | _aSEG42 | ||
| 526 | _aSEG41 | ||
| 526 | _aSEG40 | ||
| 526 | _aSEG39 | ||
| 526 | _aP94 | ||
| 526 | _aP87 | ||
| 526 | _aP86 | ||
| 526 | _aP85 | ||
| 526 | _aP77 | ||
| 526 | _aP76 | ||
| 526 | _aP35 | ||
| 650 | 0 | 4 |
_aMisiones _zEcuador. |
| 910 |
_ajck _bjvq _cjck _d20150616 |
||
| 942 |
_2ddc _cBOOK |
||
| 949 |
_a266.009 E46 _wDEWEY _c1 _i22133 _lCCODEBUL1 _mBUL _p00.00 _r0 _sY _tBOOK _u19831201 _xTEOLOGIA _PP35 _0COMPRA _o.STAFF. Colección General |
||
| 994 |
_aC0 _bPEPRU |
||
| 596 | _a1 | ||
| 999 |
_a266.009 E46 _wDEWEY _c16425 _i22133 _d16425 _f2021-11-10 _g5 _lCCODEBUL1 _mBUL _q1 _r0 _sY _tBOOK _u2015-6-17 _xTEOLOGIA _PP35 _0COMPRA _o.STAFF. Colección General |
||
| 980 |
_81 _gALBERTO SANCHEZ Responsable de Automatización |
||